| 000 | 00803nam a22002537a 4500 | ||
|---|---|---|---|
| 999 |
_c108639 _d108639 |
||
| 005 | 20200128124906.0 | ||
| 010 | _aA-798199 | ||
| 020 | _c300.00 | ||
| 035 | _aA-798199 | ||
| 037 | _bCen Lib/Ret | ||
| 082 | _a843.08 | ||
| 100 | _aجعفر رضا | ||
| 245 |
_aپریم چند کہانی کا رہنما / _cجعفر رضا |
||
| 246 |
_aPrem Chand Kahani ka Rahnuma (Urdu) / _bby Jafar Raza |
||
| 260 |
_aالہآباد _bڈاکٹر جعفر رضا _c1996 ء |
||
| 270 |
_a ١٤.بی، نبنک روڈ _bالہآباد _e211002 |
||
| 300 |
_a335p. _c21cm(Hb) |
||
| 500 | _aاشاریہ | ||
| 650 | _aادب -- ہندی | ||
| 650 | _a ادبی تنقید | ||
| 650 | _aLiterature -- Hindi | ||
| 650 | _aliterary criticism | ||
| 942 |
_2ddc _cUR _h843.08 _mپ ر ے |
||